Sukham ayu : (Record no. 102421)

MARC details
000 -LEADER
fixed length control field 01013nam a22002417a 4500
005 - DATE AND TIME OF LATEST TRANSACTION
control field 20170530103630.0
010 ## - LCCN (DPL NO)
LC control number 1617EN ENG-118343
020 ## - INTERNATIONAL STANDARD BOOK NUMBER
International Standard Book Number 9788183283120
Terms of availability 795.00
035 ## - SYSTEM CONTROL NUMBER
System control number B-648557-567 EN-101875
035 ## - SYSTEM CONTROL NUMBER
System control number B-664761
037 ## - SOURCE OF ACQUISITION
Stock number dpl
Source of stock number/acquisition DBAD/PUB
037 ## - SOURCE OF ACQUISITION
Stock number Star
082 ## - DEWEY DECIMAL CLASSIFICATION NUMBER
Classification number 613.2
100 ## - MAIN ENTRY--PERSONAL NAME
Personal name Giri, Jigasa
245 ## - TITLE STATEMENT
Title Sukham ayu :
Statement of responsibility, etc by Jigasa Giri [and} Pratibha Jain
Remainder of title cooking at home with ayurvedic insights /
260 ## - PUBLICATION, DISTRIBUTION, ETC. (IMPRINT)
Place of publication, distribution, etc New Delhi
Name of publisher, distributor, etc Wisdom Tree
Date of publication, distribution, etc 2016
270 ## - ADDRESS
Address 4779/23, Ansari Road, Darya Ganj,
City New Delhi
Postal code 110002
300 ## - PHYSICAL DESCRIPTION
Extent 113p.
Dimensions 24cm(Hb)
700 ## - ADDED ENTRY--PERSONAL NAME
Personal name Jain, Pratibha
942 ## - ADDED ENTRY ELEMENTS (KOHA)
Source of classification or shelving scheme Dewey Decimal Classification
Item type English Books
Classification part 613.2
Call number suffix GIR
Holdings
Withdrawn status Lost status Not for loan Collection code Home library Current library Date acquired Source of acquisition Cost, normal purchase price Full call number Barcode Copy number Cost, replacement price Koha item type
      Non-fiction Ashok Vihar Ashok Vihar 30/05/2017 BPPD/EN/2016-17/AV/16-17/471/15.2.2017/SP/2241A/25.2.2017/ 6.3.2017 795.00 613.2 GIR B-664761 1 795.00 English Books
      Non-fiction Bagh Kadhe Khan Bagh Kadhe Khan 05/04/2017 BPPD/EN/2016-17/305/24.11.2016/SP/2166/7.12.2016/2.1.2017 795.00 613.2 GIR B-648565 1 795.00 English Books
      Non-fiction Central Library Central Library 05/04/2017 BPPD/EN/2016-17/305/24.11.2016/SP/2166/7.12.2016/2.1.2017 795.00 613.2 GIR B-648557 1 795.00 English Books
    Not For Loan Non-fiction D.B.Act.Division D.B.Act.Division 24/05/2017 DBAD/PUB 795.00 613.2 GIR EN-101875 1 795.00 English Books
      Non-fiction Janak Puri Janak Puri 05/04/2017 BPPD/EN/2016-17/305/24.11.2016/SP/2166/7.12.2016/2.1.2017 795.00 613.2 GIR B-648561 1 795.00 English Books
      Non-fiction Karol Bagh Karol Bagh 05/04/2017 BPPD/EN/2016-17/305/24.11.2016/SP/2166/7.12.2016/2.1.2017 795.00 613.2 GIR B-648563 1 795.00 English Books
      Non-fiction Kasturba Gandhi Marg Kasturba Gandhi Marg 05/04/2017 BPPD/EN/2016-17/305/24.11.2016/SP/2166/7.12.2016/2.1.2017 795.00 613.2 GIR B-648560 1 795.00 English Books
      Non-fiction New Police Line New Police Line 05/04/2017 BPPD/EN/2016-17/305/24.11.2016/SP/2166/7.12.2016/2.1.2017 795.00 613.2 GIR B-648558 1 795.00 English Books
      Non-fiction New Rohtak Road New Rohtak Road 05/04/2017 BPPD/EN/2016-17/305/24.11.2016/SP/2166/7.12.2016/2.1.2017 795.00 613.2 GIR B-648564 1 795.00 English Books
      Non-fiction Patel Nagar Patel Nagar 05/04/2017 BPPD/EN/2016-17/305/24.11.2016/SP/2166/7.12.2016/2.1.2017 795.00 613.2 GIR B-648559 1 795.00 English Books
      Non-fiction Sarojini Nagar Sarojini Nagar 05/04/2017 BPPD/EN/2016-17/305/24.11.2016/SP/2166/7.12.2016/2.1.2017 795.00 613.2 GIR B-648562 1 795.00 English Books
      Non-fiction Shahdara Branch Shahdara Branch 05/04/2017 BPPD/EN/2016-17/305/24.11.2016/SP/2166/7.12.2016/2.1.2017 795.00 613.2 GIR B-648566 1 795.00 English Books
      Non-fiction Yojana Vihar Yojana Vihar 05/04/2017 BPPD/EN/2016-17/305/24.11.2016/SP/2166/7.12.2016/2.1.2017 795.00 613.2 GIR B-648567 1 795.00 English Books

© Delhi Public Library
Hit Counter
free hit counter